000 00861nab a2200253 u 4500
001 18711
003 HDC
007 cr bn ---aaaaa
008 210227b2009mmddmy d||noo|||| 00| 0 eng d
040 _aHDC
245 0 _aSabah Explores Agriculture-based Halal Food Market For BIMP-EAGA
_c/ DagangHalal.com
260 _aMalaysia:
_bDagangAsia Network,
_c2009
300 _a1 online resource
336 _atext
_2rdacontent
337 _acomputer
_2rdamedia
338 _aonline resource
_2rdacarrier
650 _aAgriculture
_xReligious aspects
_xIslam
_917475
650 _aHalal food
_950
710 _aDagangHalal.com
856 _zRequest full-text at [email protected]
942 _2lcc
942 _cNEWS
942 _kNWSO 004045
999 _c16027
_d16027